| 000 | 00805cam a2200241 a 4500 | ||
|---|---|---|---|
| 001 | 000004261 | ||
| 005 | 20240501135122.0 | ||
| 008 | 730822s1972 sp 001 f spa | ||
| 040 |
_aDO-SdBNP _cOKentU _dDLC |
||
| 082 |
_a306 _bD568L |
||
| 100 | 1 |
_aDíez Borque, José María, _d1947- _98063 |
|
| 245 | 1 | 0 |
_aLiteratura y cultura de masas : _bestudio de la novela subliteraria / _cJosé María Díez Borque. |
| 260 |
_a[Madrid] : _bAl-Borak, _c1972. |
||
| 300 |
_a261 p. ; _c24 cm. |
||
| 440 | 0 |
_aAl-Borak estudios. _912594 |
|
| 650 | 4 |
_aCultura de masas _912595 |
|
| 650 | 4 |
_aCultura popular en la literatura _912596 |
|
| 650 | 4 |
_aNovela _xHistoria y crítica _99004 |
|
| 650 | 0 |
_aCultura popular _912597 |
|
| 650 | 4 |
_aLiteratura y sociedad _98111 |
|
| 910 | _aCatalogación por copia / LC | ||
| 910 | _aWM | ||
| 999 |
_c4075 _d4075 |
||